MARC details
| 000 -LEADER |
| campo de control de longitud fija |
02668nam a2200433 i 4500 |
| 001 - NÚMERO DE CONTROL |
| campo de control |
195438 |
| 003 - IDENTIFICADOR DE NÚMERO DE CONTROL |
| campo de control |
ES-MaREB |
| 005 - FECHA Y HORA DE LA ÚLTIMA TRANSACCIÓN |
| campo de control |
20250711063126.0 |
| 007 - CAMPO FIJO DE DESCRIPCIÓN FÍSICA--INFORMACIÓN GENERAL |
| campo de control de longitud fija |
ta |
| 008 - DATOS DE LONGITUD FIJA--INFORMACIÓN GENERAL |
| campo de control de longitud fija |
240613s2024 sp ||| 000 0|spa c |
| 017 ## - NÚMERO DE COPYRIGHT O DE DEPÓSITO LEGAL |
| Número de copyright o de depósito legal |
B 3168-2024 |
| 020 ## - NÚMERO INTERNACIONAL ESTÁNDAR DEL LIBRO |
| Número Internacional Estándar del Libro |
9788411002271 |
| 035 ## - NÚMERO DE CONTROL DEL SISTEMA |
| Número de control de sistema |
ES-VlRAB002108193 |
| 035 ## - NÚMERO DE CONTROL DEL SISTEMA |
| Número de control de sistema |
ES-MaREB01945761-8 |
| 040 ## - FUENTE DE CATALOGACIÓN |
| Centro catalogador/agencia de origen |
RABEL |
| Lengua de catalogación |
spa |
| Centro/agencia transcriptor |
ES-MaACL |
| 080 ## - NÚMERO DE LA CLASIFICACIÓN DECIMAL UNIVERSAL |
| Número de la Clasificación Decimal Universal |
615.035 |
| 080 ## - NÚMERO DE LA CLASIFICACIÓN DECIMAL UNIVERSAL |
| Número de la Clasificación Decimal Universal |
338.45:615.12:17 |
| 080 ## - NÚMERO DE LA CLASIFICACIÓN DECIMAL UNIVERSAL |
| Número de la Clasificación Decimal Universal |
615.12:328.185 |
| 080 ## - NÚMERO DE LA CLASIFICACIÓN DECIMAL UNIVERSAL |
| Número de la Clasificación Decimal Universal |
614 |
| 100 0# - ENTRADA PRINCIPAL--NOMBRE DE PERSONA |
| Nombre de persona |
Laporte, J. R. |
| 9 (RLIN) |
70172 |
| Término indicativo de función/relación |
Autor |
| 245 10 - MENCIÓN DEL TÍTULO |
| Título |
Crónica de una sociedad intoxicada / |
| Mención de responsabilidad, etc. |
Joan-Ramon Laporte. |
| 250 ## - MENCION DE EDICION |
| Mención de edición |
1ª ed. |
| 260 ## - PUBLICACIÓN, DISTRIBUCIÓN, ETC. |
| Lugar de publicación, distribución, etc. |
Barcelona : |
| Nombre del editor, distribuidor, etc. |
Península, |
| Fecha de publicación, distribución, etc. |
2024. |
| 300 ## - DESCRIPCIÓN FÍSICA |
| Extensión |
638 p. ; |
| Dimensiones |
22 cm. |
| 336 ## - TIPO DE CONTENIDO |
| Término de tipo de contenido |
Texto (visual) |
| Fuente |
isbdcontent] |
| 337 ## - TIPO DE MEDIO |
| Nombre/término del tipo de medio |
sin mediación |
| Fuente |
isbdmedia] |
| 338 ## - TIPO DE SOPORTE |
| Fuente |
rdacarrier |
| Nombre/término del tipo de soporte |
volumen |
| 520 ## - RESUMEN, ETC. |
| Sumario, etc. |
Una crítica argumentada del consumo abusivo de medicamentos y de la industria que controla nuestra sanidad pública<br/><br/>En España tres de cada diez personas toman pastillas para dormir o para la depresión; tres, omeprazol; y dos, para el colesterol. Solo en 2022, los médicos españoles expidieron más de mil millones de recetas. En los países ricos el consumo de medicamentos aumenta sin cesar y, sin embargo, no parece que mejore la salud de la ciudadanía. Al contrario: decenas de estudios muestran que más de la mitad de los fármacos son recetados de manera innecesaria y que los medicamentos de uso más común son una de las principales causas de enfermedad, incapacidad y muerte.<br/><br/>Tras varias décadas dedicadas a la investigación y la docencia, el profesor Laporte repasa el origen, la investigación y desarrollo, la regulación, la prescripción y el consumo de medicamentos en la sociedad actual, y analiza los intereses y las prácticas de compañías farmacéuticas, legisladores, reguladores y profesionales sanitarios que han conducido a la situación actual.<br/><br/>Un libro divulgativo que ahonda en nuestra relación con los fármacos y que aboga por acabar con el consumo acrítico que hacemos de ellos. |
| 650 #7 - PUNTO DE ACCESO ADICIONAL DE MATERIA--TÉRMINO DE MATERIA |
| Término de materia o nombre geográfico como elemento de entrada |
Industria farmacéutica- |
| 9 (RLIN) |
148580 |
| Subdivisión geográfica |
España |
| 650 #4 - PUNTO DE ACCESO ADICIONAL DE MATERIA--TÉRMINO DE MATERIA |
| Término de materia o nombre geográfico como elemento de entrada |
Salud pública |
| 9 (RLIN) |
16973 |
| 852 ## - LOCALIZACIÓN |
| Ubicación |
ES-MaACL |
| Ubicación en estantería |
Depósito J |
| Número de control de estantería |
N-10002 |
| Anotaciones manuscritas |
Dedicatoria autógrafa del autor |
| Donativo/Legado |
Donación: Joan-Ramon Laporte |
| itemnumber |
203466 |
| Encuadernación |
Encuadernación rústica con solapas |
| 903 ## - NOMBRE PERSONAL DE DONANTE |
| 9 |
70172 |
| a |
Laporte, J. R. |
| e |
Donante |
| 942 ## - ELEMENTOS DE ENTRADA SECUNDARIOS (KOHA) |
| Suprimir en OPAC |
No |
| Tipo de ítem Koha |
Libro impreso |